Pays ayant reçu un prix d'interprétation féminine à Cannes - Statistiques

Statistiques générales
  • Ce quiz a été pris 53 fois
  • Le résultat moyen est 17 sur 22
Statistiques - réponses
Nombre de récompenses Pays % Correct
21 Etats-Unis
100%
17 France
100%
6 Espagne
98%
1 Chine
95%
5 Italie
95%
3 Belgique
93%
9 Royaume-Uni
93%
3 Allemagne
90%
6 Suède
90%
2 Brésil
78%
1 Canada
78%
2 Pologne
78%
1 Argentine
76%
1 Argentine
76%
1 Corée du Sud
73%
1 Finlande
68%
1 Grèce
63%
1 Hongrie
61%
1 Islande
59%
2 Roumanie
54%
1 Israel
44%
1 Kazakhstan
7%
Aucun quiz correspondant
Distribution des résultats
% des personnes avec chaque résultat
Percentile par nombre de réponses
Votre historique - résultats
Vous n’avez pas pris ce quiz